Software Radio (Record no. 23247)

000 -LEADER
fixed length control field 00242nam a22001217a 4500
003 - CONTROL NUMBER IDENTIFIER
control field Nust
005 - DATE AND TIME OF LATEST TRANSACTION
control field 20170515114906.0
008 - FIXED-LENGTH DATA ELEMENTS--GENERAL INFORMATION
fixed length control field 170403b xxu||||| |||| 00| 0 eng d
020 ## - INTERNATIONAL STANDARD BOOK NUMBER
International Standard Book Number 8178088266
040 ## - CATALOGING SOURCE
Original cataloging agency DLC
Language of cataloging DLC
Transcribing agency RCMS
050 ## - LIBRARY OF CONGRESS CALL NUMBER
Classification number 621.384 REE
082 ## - DEWEY DECIMAL CLASSIFICATION NUMBER
Classification number 621.384 REE
100 ## - MAIN ENTRY--PERSONAL NAME
Personal name JEFFERY H. REED
9 (RLIN) 255
245 ## - TITLE STATEMENT
Title Software Radio
Statement of responsibility, etc. A Modern Approach to Radio Engineering
260 ## - PUBLICATION, DISTRIBUTION, ETC.
Place of publication, distribution, etc. INDIA
Name of publisher, distributor, etc. PEARSON
Date of publication, distribution, etc. c2002
300 ## - PHYSICAL DESCRIPTION
Extent xx,567,p
Other physical details ill:
Dimensions 25,cm.
538 ## - SYSTEM DETAILS NOTE
Display text Shelf # 15, Row # 2, Communication.
650 ## - SUBJECT ADDED ENTRY--TOPICAL TERM
Topical term or geographic name entry element Software Development & Engineering
9 (RLIN) 256
856 ## - ELECTRONIC LOCATION AND ACCESS
Materials specified Table of Content Only.
942 ## - ADDED ENTRY ELEMENTS (KOHA)
Koha item type Book
Source of classification or shelving scheme
Classification part 621.384 REE
Holdings
Withdrawn status Lost status Source of classification or shelving scheme Damaged status Not for loan Permanent Location Current Location Shelving location Date acquired Total Checkouts Full call number Barcode Date last seen Date last checked out Price effective from Koha item type Public note
          NUST Baluchistan Campus (NBC) NUST Baluchistan Campus (NBC) General Stacks 03/06/2013 1 621.384 REE RCMS000333 04/16/2014 04/16/2014 03/06/2013 Book  
          NUST Baluchistan Campus (NBC) NUST Baluchistan Campus (NBC) General Stacks 03/06/2013   621.384 RCMS000334 03/06/2013   03/06/2013 Book  
          NUST Baluchistan Campus (NBC) NUST Baluchistan Campus (NBC) General Stacks 03/06/2013   621.3842 REE RCMS000335 03/06/2013   03/06/2013 Book  
          NUST Baluchistan Campus (NBC) NUST Baluchistan Campus (NBC) General Stacks 03/06/2013   621.384 RCMS000336 03/06/2013   03/06/2013 Book  
          NUST Baluchistan Campus (NBC) NUST Baluchistan Campus (NBC) General Stacks 03/06/2013   621.384 RCMS000338 03/06/2013   03/06/2013 Book  
          NUST Baluchistan Campus (NBC) NUST Baluchistan Campus (NBC) General Stacks 03/06/2013   621.384 REE RCMS000339 03/06/2013   03/06/2013 Book  
          NUST Baluchistan Campus (NBC) NUST Baluchistan Campus (NBC) General Stacks 03/06/2013   621.384 RCMS000340 03/06/2013   03/06/2013 Book  
          NUST Baluchistan Campus (NBC) NUST Baluchistan Campus (NBC) General Stacks 03/06/2013   621.384 RCMS000341 03/06/2013   03/06/2013 Book  
          NUST Baluchistan Campus (NBC) NUST Baluchistan Campus (NBC) General Stacks 03/06/2013   621.384 RCMS000342 03/06/2013   03/06/2013 Book  
          NUST Baluchistan Campus (NBC) NUST Baluchistan Campus (NBC) General Stacks 07/21/2014   621.384 REE RCMS000343 07/21/2014   07/21/2014 Book  
          NUST Baluchistan Campus (NBC) NUST Baluchistan Campus (NBC) General Stacks 07/21/2014   621.384 RCMS000104 07/21/2014   07/21/2014 Book  
          NUST Baluchistan Campus (NBC) NUST Baluchistan Campus (NBC) General Stacks 07/21/2014   621.384 RCMS000105 07/21/2014   07/21/2014 Book  
          NUST Baluchistan Campus (NBC) NUST Baluchistan Campus (NBC) General Stacks 07/21/2014   621.38 REE RCMS000106 07/21/2014   07/21/2014 Book  
  Write Off       School of Interdisciplinary Engineering and Sciences (SINES) School of Interdisciplinary Engineering and Sciences (SINES) General Stacks 03/06/2013   621.384 RCMS000337 05/16/2019   03/06/2013 Book write-off via office order 14/SINES/Survey/Books Dated March15, 2023
  Write Off       School of Interdisciplinary Engineering and Sciences (SINES) School of Interdisciplinary Engineering and Sciences (SINES) General Stacks 07/21/2014 1 621.384 REE RCMS000332 09/04/2014 09/04/2014 01/05/2017 Book write-off via office order 14/SINES/Survey/Books Dated March15, 2023
© 2023 Central Library, National University of Sciences and Technology. All Rights Reserved.